[Event "TCh-BEL 2006-7"]
[Site "Belgium BEL"]
[Date "2006.10.22"]
[Round "2"]
[White "Aglave,A"]
[Black "Marechal,A"]
[Result "1-0"]
[WhiteElo "2199"]
[BlackElo "2292"]

1.c4 e5 2.g3 Nc6 3.Bg2 Nf6 4.Nc3 Bb4 5.Nd5 Bc5 6.e3 d6 7.Ne2 Bb6 8.Nxb6 axb6
9.Nc3 Bf5 10.d3 Qd7 11.h3 O-O 12.e4 Be6 13.Nd5 Ne8 14.f4 Nd4 15.Be3 Bxd5
16.exd5 Qa4 17.Qxa4 Rxa4 18.Kd2 Nf6 19.fxe5 dxe5 20.Bxd4 exd4 21.b3 Ra3 22.Kc2 Rfa8
23.Kb2 Nh5 24.Rhe1 Nxg3 25.d6 R3a7 26.dxc7 Kf8 27.Re5 f6 28.Rd5 Ke7 29.Re1+ Kf7
30.a4 Rc8 31.Rd7+ Kg6 32.Ree7 Nf5 33.Be4 Kg5 34.Bxf5 Kxf5 35.Rxg7 Raa8 36.Ka3 Kf4
37.Rxd4+ Ke3 38.Rd6 f5 39.Re7+ Kd2 40.Kb4 Rf8 41.Rdd7 f4 42.Rf7 f3 43.Rxf8 Rxf8
44.Rd8 Rf7 45.c8=Q f2 46.Qe6 f1=Q 47.Re8 Qf2 48.Qe5 Qc5+ 49.Qxc5 bxc5+ 50.Kxc5 Kxd3
51.Rg8 h5 52.Rg3+ Ke4 53.Rg5 h4 54.Rg4+ Kd3 55.Rxh4 Kc3 56.b4 Rf5+ 57.Kb6 Kxb4
58.c5+ Kb3 59.a5 Rf7 60.a6 bxa6 61.c6 a5 62.c7 Rf8 63.Kb7 a4 64.c8=Q Rxc8
65.Kxc8 a3  1-0

[Event "14th Chigorin Mem"]
[Site "St-Petersburg RUS"]
[Date "2006.10.24"]
[Round "2"]
[White "Maletin,P"]
[Black "Melnikov,D"]
[Result "1-0"]
[WhiteElo "2538"]
[BlackElo "2352"]

1.c4 e5 2.g3 Nf6 3.Bg2 d5 4.cxd5 Nxd5 5.Nf3 Nc6 6.O-O Be7 7.d4 exd4 8.Nxd4 Nxd4
9.Qxd4 Nb4 10.Qe4 O-O 11.Nc3 Bd6 12.Rd1 Qe7 13.Qxe7 Bxe7 14.a3 Nc6 15.Bf4 Bg4
16.h3 Bh5 17.Rd7 Bf6 18.g4 Bg6 19.Rxc7 Rfe8 20.Rxb7 Nd4 21.e3 Ne6 22.Bf3 Nc5
23.Rc7 Rac8 24.Rxa7 Nd3 25.Nd5 Bxb2 26.Rd1 Rc1 27.Rxc1 Nxc1 28.Ne7+ Kh8 29.Nxg6+ hxg6
30.Bd1 f5 31.a4 fxg4 32.hxg4 Re4 33.a5 Ra4 34.Bc7 Bc3 35.a6  1-0

[Event "AVTOGAZ 40"]
[Site "Togliatti RUS"]
[Date "2006.10.25"]
[Round "6"]
[White "Kazancev,V"]
[Black "Kovchan,A"]
[Result "1/2-1/2"]
[WhiteElo "2335"]
[BlackElo "2518"]

1.c4 e5 2.g3 c5 3.Bg2 Nc6 4.Nc3 g6 5.a3 a5 6.Nf3 d6 7.O-O Bg7 8.Ne1 Be6 9.Nd5 Nge7
10.d3 O-O 11.Bg5 h6 12.Bd2 Rb8  1/2-1/2

[Event "14th Chigorin Mem"]
[Site "St-Petersburg RUS"]
[Date "2006.10.28"]
[Round "7"]
[White "Makarov,M"]
[Black "Bocharov,D"]
[Result "0-1"]
[WhiteElo "2515"]
[BlackElo "2577"]

1.c4 e5 2.g3 c6 3.d4 d6 4.Nc3 Nd7 5.Nf3 Ngf6 6.Qc2 exd4 7.Nxd4 Ne5 8.b3 d5
9.f4 Neg4 10.h3 Bc5 11.e3 Qe7 12.Qe2 Bb4 13.Bd2 Nxe3 14.Rc1 Nxf1 15.Kxf1 dxc4
16.Qxc4 O-O 17.Re1 Qc5 18.Qxc5 Bxc5 19.Nce2 Bb6 20.Kg2 Bd7 21.Nf3 Rad8 22.Nc3 Be6
23.Re2 Rd3 24.Ne5 Rd6 25.Rc1 Rfd8 26.Be1 Nd5 27.Nc4 Nxc3 28.Bxc3 Bd5+ 29.Kh2 Bxc4
30.bxc4 f6 31.Kg2 Bc5 32.Rcc2 Kf7 33.f5 g6 34.fxg6+ hxg6 35.g4 Rd3 36.Rcd2 R8d6
37.Rxd3 Rxd3 38.Be1 g5 39.Rb2 b6 40.Bg3 Bd4 41.Rc2 Ke6 42.h4 gxh4 43.Bxh4 Kd6
44.g5 fxg5 45.Bxg5 Bc3 46.Bf4+ Kc5 47.Bb8 a6 48.Bc7 Rd2+ 49.Rxd2 Bxd2 50.Kf3 Ba5
51.Ke2 Kxc4 52.Kd1 Kd3 53.Kc1 c5 54.Bd8 c4 55.Bg5 b5  0-1

[Event "14th Chigorin Mem B"]
[Site "St-Petersburg RUS"]
[Date "2006.10.29"]
[Round "8"]
[White "Tjolsen,K"]
[Black "Gerasimenyk,M"]
[Result "1-0"]
[WhiteElo "2051"]
[BlackElo "2205"]

1.c4 e5 2.g3 d6 3.Bg2 g6 4.Nc3 Bg7 5.d3 f5 6.e4 Nf6 7.Nge2 O-O 8.exf5 gxf5
9.O-O c6 10.f4 Ng4 11.h3 Qb6+ 12.d4 Nf6 13.c5 dxc5 14.dxe5 Ne4 15.Nxe4 fxe4
16.Kh2 Na6 17.Nc3 Bf5 18.Nxe4 Rad8 19.Qe2 Nb4 20.Be3 Rd5 21.Qc4 Nd3 22.b3 Kh8
23.a3 Nb2 24.Qe2 Qxb3 25.Rab1 Qd3 26.Qxd3 Nxd3 27.Rxb7 c4 28.Rxa7 Rb5 29.Nd6 Rb2
30.Nxf5 Rxf5 31.e6 Re2 32.Bg1 Rxe6 33.Rb1 Kg8 34.Rbb7 Bb2 35.Bc5 Nxc5 36.Rxb2 c3
37.Rc2 Re3 38.Ra5 Rd3 39.g4 Rd2 40.gxf5 Ne4 41.Rxd2 cxd2 42.Bf3 c5 43.Ra8+ Kf7
44.Rd8  1-0

[Event "Open A"]
[Site "Le Touquet FRA"]
[Date "2006.10.31"]
[Round "5"]
[White "Mastalerz,X"]
[Black "Vandemeulebrouck,R"]
[Result "0-1"]
[WhiteElo "1919"]
[BlackElo "2070"]

1.c4 e5 2.g3 Nf6 3.Bg2 d5 4.cxd5 Nxd5 5.Nc3 Nb6 6.Nf3 Nc6 7.d3 Be7 8.O-O Be6
9.Be3 f5 10.Qc1 h6 11.Rd1 Nd5 12.Nxd5 Bxd5 13.Bc5 Bxc5 14.Qxc5 Qd6 15.Qc3 Qf6
16.Qc5 O-O-O 17.b4 g5 18.b5 b6 19.Qa3 Na5 20.Qc3 Rde8 21.Nd2 Bxg2 22.Kxg2 h5
23.Rdc1 Re7 24.Nb3 Nb7 25.a4 h4 26.a5 hxg3 27.hxg3 Reh7 28.Rh1 Rxh1 29.Rxh1 Rxh1
30.Kxh1 g4 31.Qc4 Nxa5 32.Nxa5 bxa5 33.Qc3 a4 34.Qa5 Qb6 35.Qxa4 Qxf2 36.Qa6+ Kb8
37.Qa2 Qf1+ 38.Kh2 Qf2+ 39.Kh1 Qf1+ 40.Kh2 Qh3+ 41.Kg1 Qxg3+ 42.Kf1 Qf4+
43.Kg2 g3 44.Qg8+ Kb7 45.Qd5+ Kb6 46.Qc6+ Ka5 47.Qxc7+ Ka4 48.Qxa7+ Kxb5
49.Qg1 Kb4 50.Qe1+ Kc5 51.Qxg3 Qxg3+ 52.Kxg3 Kd4 53.Kf2 e4 54.dxe4 fxe4 55.e3+ Kd3
56.Kf1 Kxe3 57.Ke1 Kd3 58.Kd1 e3 59.Ke1 e2  0-1

[Event "Open"]
[Site "Santo Domingo DOM"]
[Date "2006.11.02"]
[Round "4"]
[White "Perelshteyn,E"]
[Black "Mikhalevski,V"]
[Result "1/2-1/2"]
[WhiteElo "2540"]
[BlackElo "2580"]

1.c4 e5 2.g3 Nf6 3.Bg2 d5 4.cxd5 Nxd5 5.Nc3 Nb6 6.Nf3 Nc6 7.O-O Be7 8.d3 Be6
9.b3 O-O 10.Bb2 Qd7 11.Re1 Bh3 12.Bh1 Rad8 13.a3 a5  1/2-1/2

[Event "TCh-BEL 2006-7"]
[Site "Belgium BEL"]
[Date "2006.11.05"]
[Round "3"]
[White "Aglave,A"]
[Black "Schlawin,M"]
[Result "0-1"]
[WhiteElo "2180"]
[BlackElo "2306"]

1.c4 e5 2.g3 g6 3.Bg2 Bg7 4.Nc3 d6 5.d3 Nf6 6.e4 c6 7.Nge2 O-O 8.O-O Nbd7
9.h3 Rb8 10.Be3 a6 11.a4 b6 12.b4 Bb7 13.b5 Nc5 14.Rb1 Nfd7 15.Na2 axb5 16.axb5 cxb5
17.cxb5 d5 18.Bxc5 Nxc5 19.Nec3 dxe4 20.dxe4 f5 21.Qe2 f4 22.Nb4 Qd4 23.Ncd5 fxg3
24.Ne7+ Kh8 25.Nec6 gxf2+ 26.Kh1 Qc3 27.Nd5 Qg3 28.Nxb8 Bxd5 29.exd5 e4 30.Nc6 e3
31.Rb4 h5 32.d6 Bh6 33.Ra1 Bf4 34.Rxf4 Qxf4 35.Qb2+ Rf6 36.d7 Nxd7 37.Nd4 f1=Q+
38.Bxf1 Qxf1+ 39.Rxf1 Rxf1+ 40.Kg2 Rf2+ 41.Qxf2 exf2 42.Kxf2 Kg7 43.Kf3 Nc5
44.Kf4 Kf6 45.h4 Ne6+ 46.Nxe6 Kxe6 47.Ke4 Kf6 48.Kf4 g5+ 49.hxg5+ Kg6 50.Kg3 Kxg5
51.Kh3 Kf5 52.Kh4 Ke5 53.Kxh5 Kd5 54.Kg4 Kc5  0-1

[Event "TCh-ROM Divizia A Masculin"]
[Site "Predeal ROM"]
[Date "2006.11.07"]
[Round "4"]
[White "Doncea,V"]
[Black "Grecescu,G"]
[Result "1-0"]
[WhiteElo "2275"]
[BlackElo "2405"]

1.c4 e5 2.g3 Nc6 3.Bg2 Bc5 4.Nc3 Nge7 5.e3 d6 6.Nge2 a6 7.O-O O-O 8.b3 Bg4
9.h3 Bf5 10.d4 exd4 11.Nxd4 Bd7 12.Bb2 Re8 13.Kh2 Rb8 14.Nce2 Nf5 15.Nf4 Ne5
16.Nh5 Bxd4 17.exd4 Ng6 18.Qd2 f6 19.Rfe1 Rxe1 20.Rxe1 Qf8 21.Be4 Nfe7 22.f4 Qf7
23.d5 Re8 24.Bf3 Kf8 25.Bg4 Nf5 26.Bd1 Rxe1 27.Qxe1 Qe7 28.Qxe7+ Nfxe7 29.g4 Ng8
30.Kg3 Be8 31.Bc2 N6e7 32.Bxh7 Bxh5 33.gxh5 Nh6 34.Bd3 a5 35.a3 b6 36.b4 axb4
37.axb4 Nef5+ 38.Kf2 Kf7 39.Ba3 Ne7 40.Be4 Nhf5 41.Bb2 Nh6 42.Bf3 Nhg8 43.Bg4 f5
44.Bf3 Nf6 45.Ke3 Nc8 46.Bc3 Ne7 47.Kd4 Nd7 48.Be1 Ng8 49.Bh4 Ndf6 50.Bg5 Ke7
51.Bd1 Kf7 52.Be2 Nh6 53.Bf3 Nhg8 54.c5 bxc5+ 55.bxc5 Ke7 56.c6 Kf7 57.Be2 Ne7
58.Bf3 Neg8 59.Kc4 Ne7 60.h6 gxh6 61.Bxh6 Ne4 62.Bxe4 fxe4 63.Bg5 Nf5 64.Bd8 e3
65.Kd3 Ke8 66.Bxc7 Ne7 67.Bxd6 Nxd5 68.c7 Kd7 69.Be5  1-0

[Event "FSIM November"]
[Site "Budapest HUN"]
[Date "2006.11.08"]
[Round "5"]
[White "Szakolczai,P"]
[Black "Horvath,And"]
[Result "1-0"]
[WhiteElo "2287"]
[BlackElo "2305"]

1.c4 e5 2.g3 Nf6 3.Bg2 Nc6 4.Nc3 Bb4 5.Nd5 Bc5 6.e3 d6 7.Ne2 a6 8.O-O O-O
9.a3 Ba7 10.b4 Nxd5 11.cxd5 Ne7 12.f4 Bf5 13.Bb2 f6 14.Rc1 Qd7 15.Qb3 Rac8
16.Kh1 Bh3 17.e4 Kh8 18.d4 Bxg2+ 19.Kxg2 f5 20.dxe5 dxe5 21.fxe5 fxe4 22.Nf4 Nf5
23.Rce1 c6 24.d6 Rce8 25.Rxe4 c5 26.Rf3 cxb4 27.axb4 Rc8 28.Nd5 Qc6 29.Ref4 Ne3+
30.Nxe3 Rxf4 31.gxf4 Bxe3 32.Qxe3 Qc2+ 33.Rf2 Qg6+ 34.Qg3 Qe4+ 35.Kh3  1-0

[Event "10th OIBM"]
[Site "Bad Wiessee GER"]
[Date "2006.11.09"]
[Round "6"]
[White "Eingorn,V"]
[Black "Forchert,M"]
[Result "1-0"]
[WhiteElo "2591"]
[BlackElo "2401"]

1.c4 e5 2.g3 c6 3.d4 Bb4+ 4.Bd2 Bxd2+ 5.Qxd2 d6 6.Nc3 Nf6 7.Bg2 O-O 8.e3 Be6
9.b3 exd4 10.Qxd4 Qa5 11.Ne2 d5 12.cxd5 Nxd5 13.Qa4 Qxa4 14.Nxa4 Na6 15.Nd4 Ndc7
16.Nxe6 Nxe6 17.Ke2 Rfd8 18.Rhd1 Kf8 19.Rxd8+ Rxd8 20.Rc1 Ke7 21.Nb2 Nb8
22.Nc4 b6 23.b4 c5 24.b5 Nc7 25.a4 Nd7 26.Rd1 Nb8 27.Ra1 Nd5 28.Bxd5 Rxd5
29.a5 Nd7 30.axb6 axb6 31.Ra7 Ke6 32.h4 h5 33.Rc7 g6 34.f3 Kf6 35.Rb7 Ke6
36.Nxb6 Nxb6 37.Rxb6+ Ke7 38.e4 Rd4 39.Rc6 Rc4 40.Kd3 Rc1 41.b6  1-0

[Event "10th OIBM"]
[Site "Bad Wiessee GER"]
[Date "2006.11.11"]
[Round "8"]
[White "Laylo,D"]
[Black "Al Sayed,Mohamad"]
[Result "1-0"]
[WhiteElo "2448"]
[BlackElo "2486"]

1.c4 e5 2.g3 Nc6 3.Bg2 g6 4.Nc3 Bg7 5.d3 Nf6 6.e4 d6 7.Nge2 h5 8.Bg5 Bg4
9.h3 Bxe2 10.Nxe2 Qe7 11.Qd2 Nd8 12.Be3 h4 13.g4 Ne6 14.f4 exf4 15.Nxf4 Nxf4
16.Bxf4 c5 17.Bg5 Qe6 18.O-O Nd7 19.e5 O-O 20.Rae1 Nxe5 21.Bd5 Qd7 22.Re4 Kh7
23.Qf2 Rae8 24.Qxh4+ Kg8 25.Bh6 Qe7 26.g5 Bh8 27.Bxf8 Qxf8 28.Qg3 Re7 29.Ref4 a6
30.h4 b6 31.h5 Qg7 32.Rf6 gxh5 33.Rxd6 Ng4 34.g6  1-0

[Event "TCh-ROM Divizia A Feminin"]
[Site "Predeal ROM"]
[Date "2006.11.11"]
[Round "8"]
[White "Ursente,M"]
[Black "Paulet,I"]
[Result "0-1"]
[WhiteElo "2019"]
[BlackElo "2167"]

1.c4 e5 2.g3 d5 3.cxd5 Qxd5 4.Nf3 c5 5.Bg2 Nc6 6.Nc3 Qd8 7.d3 Be7 8.O-O Nf6
9.b3 O-O 10.Bb2 Be6 11.Rc1 Rc8 12.Na4 Nd7 13.e3 Qa5 14.d4 cxd4 15.exd4 exd4
16.Nxd4 Nxd4 17.Bxd4 b5 18.Bc3 Qd8 19.Nb2 Ba3 20.Qd4 Qf6 21.Rfd1 Qxd4 22.Bxd4 Rxc1
23.Rxc1 Rd8 24.Rd1 Rc8 25.Be4 Nf6 26.Bd3 a6 27.Bb1 Bg4 28.Rf1 Bh3 29.Rd1 Bg4
30.Rf1 Rd8 31.Bc3 Rc8 32.Bd4 Rd8 33.Bc3 b4 34.Bxf6 gxf6 35.Nc4 Be2 36.Re1 Bxc4
37.bxc4 Rd4 38.Kg2 Rxc4 39.Re4 Rxe4 40.Bxe4 h6 41.g4 Kf8 42.Bd5 Bb2 43.f4 Bc1
44.Kf3 Ke7 45.Ke4 a5 46.Bb3 Bd2 47.h4 Be1 48.g5 h5 49.Kf5 Bxh4 50.Bd1 fxg5
51.fxg5 Be1 52.Bxh5 a4 53.Bd1 b3 54.Bxb3 axb3 55.axb3 Bc3 56.g6 f6 57.b4 Kf8
58.b5 Kg7 59.b6 Be5  0-1

[Event "10th OIBM"]
[Site "Bad Wiessee GER"]
[Date "2006.11.12"]
[Round "9"]
[White "Postny,E"]
[Black "Kaplan,S"]
[Result "1-0"]
[WhiteElo "2609"]
[BlackElo "2402"]

1.c4 e5 2.g3 Nf6 3.Bg2 d5 4.cxd5 Nxd5 5.Nc3 Nb6 6.Nf3 Nc6 7.O-O Be7 8.d3 g5
9.Be3 g4 10.Nd2 Nd4 11.a4 a5 12.Nb5 c6 13.Nxd4 exd4 14.Bf4 h5 15.Nc4 h4 16.Qb3 Ra6
17.e3 Be6 18.exd4 Kf8 19.Rfe1 h3 20.Rxe6 Nxc4 21.Rh6 Rxh6 22.Bxh6+ Kg8 23.dxc4 hxg2
24.Re1 Qa8  1-0

[Event "TCh-NOR 2006-7"]
[Site "Oslo NOR"]
[Date "2006.11.12"]
[Round "3"]
[White "Johansen,P"]
[Black "Steedman,J"]
[Result "1-0"]
[WhiteElo "2108"]
[BlackElo "2232"]

1.c4 e5 2.g3 Nf6 3.Bg2 c6 4.Nf3 e4 5.Nd4 d5 6.cxd5 Qxd5 7.Nc2 Qh5 8.h3 Qg6
9.Nc3 Bd6 10.Ne3 O-O 11.Qc2 Re8 12.b3 Na6 13.a3 Nc7 14.Nc4 Bf8 15.e3 b6 16.Ne2 Nfd5
17.Bb2 f6 18.Rd1 Ba6 19.O-O b5 20.Na5 b4 21.Nc4 bxa3 22.Bc3 Bb4 23.g4 Rab8
24.Ba1 Bf8 25.Bc3 Bb4 26.Nf4 Nxf4 27.exf4 e3 28.Qxg6 exf2+ 29.Rxf2 hxg6 30.Bxc6 Red8
31.Bxb4 Rxb4 32.Na5 Rd3 33.Ra1 Rxh3 34.Kg2 Rd3 35.Rxa3 g5 36.Ra4 Rxa4 37.bxa4 gxf4
38.Rxf4 Rxd2+ 39.Kf3 Ne6 40.Rb4  1-0

[Event "TCh-ROM Divizia A Masculin"]
[Site "Predeal ROM"]
[Date "2006.11.12"]
[Round "9"]
[White "Ionescu,Co"]
[Black "Gleizerov,E"]
[Result "1/2-1/2"]
[WhiteElo "2427"]
[BlackElo "2560"]

1.c4 e5 2.g3 Nc6 3.Bg2 g6 4.Nc3 Bg7 5.d3 d6 6.e3 Nf6 7.Nge2 O-O 8.O-O Be6
9.Nd5 Qd7 10.Nxf6+ Bxf6 11.Nc3 Bg7 12.Rb1 f5 13.f4 Ne7 14.Nd5 Nc8 15.b3 c6
16.Nb4 a5 17.Nc2 a4 18.Bb2 axb3 19.axb3 Ra2 20.d4 exf4 21.exf4 Bf7 22.Nb4 Ra8
23.d5 c5 24.Bxg7 Kxg7 25.Nc2 b5 26.Ra1 Nb6 27.Qd3 bxc4 28.bxc4 Rxa1 29.Rxa1 Re8
30.Qc3+ Kg8 31.Bf1 Ra8 32.Rxa8+  1/2-1/2

[Event "TCh-FIN 2006-7"]
[Site "Espoo FIN"]
[Date "2006.11.19"]
[Round "5"]
[White "Hentunen,A"]
[Black "Kanko,I"]
[Result "1/2-1/2"]
[WhiteElo "2336"]
[BlackElo "2242"]

1.c4 e5 2.g3 Nf6 3.Bg2 h6 4.a3 c6 5.Nf3 e4 6.Nd4 d5 7.cxd5 cxd5 8.Nc3 Nc6
9.Nxc6 bxc6 10.d3 exd3 11.Qxd3 Be7 12.O-O O-O 13.Bf4 Be6 14.Rfc1 Rc8 15.b4 a5
16.Rab1 axb4 17.axb4 Qd7 18.Qd4 c5 19.bxc5 Bxc5 20.Qa4 Bxf2+ 21.Kxf2 Rxc3
22.Qxd7 Ng4+ 23.Kg1 Rxc1+ 24.Rxc1 Bxd7 25.Bxd5 Nf6  1/2-1/2

[Event "19th Belgrade Trophy"]
[Site "Belgrade SRB"]
[Date "2006.11.22"]
[Round "1"]
[White "Chelushkina,I"]
[Black "Spasojevic,M"]
[Result "1-0"]
[WhiteElo "2353"]
[BlackElo "2188"]

1.g3 e5 2.c4 g6 3.Nc3 Bg7 4.Bg2 Nf6 5.d3 O-O 6.e4 Nc6 7.Nge2 d6 8.O-O Ng4
9.f3 Nh6 10.Be3 f5 11.Qd2 Nf7 12.exf5 Bxf5 13.d4 Re8 14.d5 Ne7 15.g4 Bd7
16.Ne4 c5 17.N2c3 a6 18.a4 b6 19.Rab1 a5 20.b3 Qc7 21.Ne2 Rf8 22.N2g3 Kh8
23.h4 h6 24.Rf2 Ng8 25.Bf1 Rae8 26.Bd3 Bc8 27.Rbf1 Qe7 28.h5 g5 29.Bc2 Nf6
30.Qd3 Nd8 31.Rh2 Rf7 32.Bxg5 hxg5 33.h6 Bf8 34.Nxg5 Nh7 35.Nxf7+ Qxf7 36.f4 exf4
37.Rxf4 Re1+ 38.Nf1 Qe7 39.Rhf2 Bxh6 40.Rf7 Qe4 41.Rxh7+ Kxh7 42.Qxe4+  1-0

[Event "19th Belgrade Trophy"]
[Site "Belgrade SRB"]
[Date "2006.11.24"]
[Round "3"]
[White "Chelushkina,I"]
[Black "Aleksandrov,Mi"]
[Result "1-0"]
[WhiteElo "2353"]
[BlackElo "2075"]

1.g3 e5 2.c4 d6 3.Nc3 Nc6 4.Bg2 Be6 5.d3 g6 6.b4 Qd7 7.b5 Nd8 8.e4 Bg7 9.Rb1 Ne7
10.Nd5 O-O 11.Nf3 h6 12.Bxh6 Nxd5 13.Bxg7 Kxg7 14.cxd5 Bg4 15.h3 Bxf3 16.Bxf3 f6
17.h4 Nf7 18.Bg4 Qe7 19.Be6 Nd8 20.Bh3 a6 21.b6 c6 22.O-O cxd5 23.Rc1 Ne6
24.exd5 Nc5 25.d4 exd4 26.Re1 Qd8 27.Qxd4 Qxb6 28.Re7+ Rf7 29.Rxf7+ Kxf7
30.h5 Qb5 31.hxg6+ Kg7 32.Bf5 Qe2 33.Qf4 Qe5 34.Qxe5 fxe5 35.Kg2 b5 36.g4 a5
37.f4 e4 38.Kg3 b4 39.Rc4 Rb8 40.Bxe4 Nxe4+ 41.Rxe4 Kxg6 42.Re6+ Kf7 43.Rxd6 a4
44.Rd7+ Ke8 45.Rh7 Rb5 46.g5 b3 47.axb3 axb3 48.Rh1 Rxd5 49.Rh8+ Kf7 50.Rb8 Rd3+
51.Kg4 Kg7 52.Kf5 Rc3 53.Rb7+ Kg8 54.Kg6 Kf8 55.f5 Rf3 56.f6 Ke8 57.Kg7  1-0

[Event "19th Belgrade Trophy"]
[Site "Belgrade SRB"]
[Date "2006.11.26"]
[Round "5"]
[White "Kiroski,T"]
[Black "Jevtic,S"]
[Result "1-0"]
[WhiteElo "2365"]
[BlackElo "2123"]

1.c4 e5 2.g3 g6 3.Bg2 Bg7 4.Nc3 Nc6 5.e3 d6 6.Nge2 Nf6 7.d4 O-O 8.O-O Ng4
9.h3 Nh6 10.dxe5 Nxe5 11.b3 Rb8 12.Ba3 Re8 13.Qc2 Bd7 14.Rad1 Qc8 15.Kh2 Nf5
16.Nd5 c5 17.Bb2 Bc6 18.Rd2 b5 19.e4 Nh6 20.f4 Neg4+ 21.hxg4 Nxg4+ 22.Kg1 Bxb2
23.Qxb2 Bxd5 24.cxd5 Ne3 25.Rf3 Nxg2 26.Kxg2 Rxe4 27.Nc3 Re1 28.Re2 Rxe2+
29.Qxe2 Qf5 30.Qe4 Qf6 31.Nxb5 a6 32.Nc3 Rb4 33.Qe8+ Kg7 34.Qe3 Qf5 35.Qd3 Qf6
36.Ne4 Qa1 37.Qc3+ Qxc3 38.Nxc3 c4 39.bxc4 Rxc4 40.Kf2 f5 41.Ke2 a5 42.Kd3 Rb4
43.Re3 Kf7 44.Re6 Rb6 45.Kc4 h5 46.Nb5  1-0

[Event "19th Belgrade Trophy"]
[Site "Belgrade SRB"]
[Date "2006.11.29"]
[Round "8"]
[White "Chelushkina,I"]
[Black "Pantovic,D"]
[Result "1/2-1/2"]
[WhiteElo "2353"]
[BlackElo "2206"]

1.g3 e5 2.c4 Nf6 3.Bg2 Nc6 4.Nc3 Bc5 5.e3 O-O 6.Nge2 d6 7.a3 a6 8.O-O h6
9.h3 Ba7 10.d4 exd4 11.exd4 Ne7 12.b4 d5 13.c5 c6 14.Bf4 Ng6 15.Bd6 Re8 16.Re1 Bb8
17.Bxb8 Rxb8 18.Nc1 Rxe1+ 19.Qxe1 Bf5 20.g4 Bd7 21.Nd3 h5 22.f3 hxg4 23.hxg4 Qc7
24.Ne2 Re8 25.Qg3 Qxg3 26.Nxg3 Re3 27.Rd1 Nh7 28.Kf2 Re8 29.Rh1 Ng5 30.Nf5 Bxf5
31.gxf5 Nf8 32.a4 g6 33.Bf1 Kg7 34.Nf4 Kf6 35.fxg6 fxg6 36.Bd3 Nge6 37.Ne2 Ng7
38.Rg1 Nf5 39.Bxf5 Kxf5 40.Rh1 Re7 41.b5 axb5 42.axb5 Ne6 43.b6 Kf6 44.Rh8 Kg7
45.Ra8 Kf7 46.Ra4 Kf6 47.Nc1 Nf4 48.Ra7 g5 49.Kf1 Kf5 50.Ra8 Re3 51.Rf8+ Kg6
52.Rg8+ Kf6  1/2-1/2

[Event "ch-ROM"]
[Site "Predeal ROM"]
[Date "2006.12.03"]
[Round "7"]
[White "Grecescu,G"]
[Black "Jianu,V"]
[Result "0-1"]
[WhiteElo "2405"]
[BlackElo "2502"]

1.c4 e5 2.g3 Nf6 3.Nc3 Bc5 4.a3 a5 5.e3 O-O 6.Nge2 d6 7.Bg2 Nc6 8.O-O Bf5
9.d3 Qd7 10.b3 Rae8 11.Qc2 Nd8 12.Bd2 Ba7 13.Ne4 Ng4 14.Bxa5 Bg6 15.h3 f5
16.N4c3 Nh6 17.Nb5 Bb8 18.Bd2 Ne6 19.f4 Bh5 20.Nbc3 g5 21.Rae1 Ba7 22.Kh2 gxf4
23.exf4 Qg7 24.Bxb7 Kh8 25.b4 Rg8 26.Rg1 Bf2 27.Rg2 Bxe2 28.Nxe2 Ng4+ 29.Kh1 Qh6
30.Rxf2 Nxf2+ 31.Kg2 Nxh3 32.Rh1 Nd4 33.Rxh3 Qxh3+ 34.Kxh3 Nxc2 35.Bc3 Nxa3
36.fxe5 dxe5 37.d4 Nb1 38.Bb2 Rb8 39.Bd5 Rxb4 40.Bc1 Re8 41.Bg5 Kg7 42.dxe5 Rxe5
43.Nf4 Nc3 44.Ne6+ Kg6 45.Bf4 Nxd5  0-1

[Event "XV Asiad Men's Rapid"]
[Site "Doha QAT"]
[Date "2006.12.04"]
[Round "8"]
[White "Ghaem Maghami,E"]
[Black "Nguyen Anh Dung"]
[Result "1/2-1/2"]
[WhiteElo "2581"]
[BlackElo "2541"]

1.c4 e5 2.g3 f5 3.Bg2 Nf6 4.d3 Nc6 5.Nf3 g6 6.Nc3 Bg7 7.Rb1 a5 8.a3 O-O 9.O-O d6
10.b4 axb4 11.axb4 h6 12.b5 Ne7 13.c5 Be6 14.b6 c6 15.Qc2 Ned5 16.cxd6 Qxd6
17.Bd2 Rfe8 18.Na4 e4 19.dxe4 Nxe4 20.Rfc1 Qa3 21.Nc5 Nxc5 22.Qxc5 Qxc5 23.Rxc5 Ra6
24.Nh4 g5 25.Bxd5 Bxd5 26.Nxf5 Rxe2 27.Rxd5 cxd5 28.Be3 Bf8 29.Rc1 Rxe3 30.Nxe3 Rxb6
31.Nxd5 Rd6 32.Rc5 Rc6 33.Rxc6 bxc6 34.Ne3 Kf7 35.Kg2 Ke6 36.f4 Bc5 37.f5+ Ke5
38.Ng4+ Kxf5 39.Nxh6+ Kg6 40.Ng4 Bd4 41.Kf3 Kf5  1/2-1/2

[Event "XV Asiad Men's Rapid"]
[Site "Doha QAT"]
[Date "2006.12.04"]
[Round "9"]
[White "Laylo,D"]
[Black "Reefat,S"]
[Result "1-0"]
[WhiteElo "2448"]
[BlackElo "2489"]

1.c4 e5 2.g3 Nf6 3.Bg2 d5 4.cxd5 Nxd5 5.Nf3 Nc6 6.O-O Be7 7.Nc3 Nb6 8.d3 O-O
9.a4 a5 10.Be3 Re8 11.Rc1 Bf8 12.Nb5 Nd5 13.Bc5 Bxc5 14.Rxc5 Ndb4 15.d4 exd4
16.Nfxd4 Nxd4 17.Qxd4 Qxd4 18.Nxd4 c6 19.e3 Be6 20.Nxe6 Rxe6 21.Rd1 Kf8 22.h4 b6
23.Rc4 Rb8 24.Rd7 c5 25.Rf4 Re7 26.Rd6 Rc7 27.Bf1 Nc6 28.Bb5 Ne5 29.Kg2 Ke7
30.Rd5 Nc6 31.Re4+ Kf8 32.Rd6 Ne7 33.h5 h6 34.g4 Rcb7 35.f4 Ng8 36.g5 Re7
37.Kf3 f6 38.Rxe7 Kxe7 39.Rd7+ Kf8 40.g6 Ne7 41.e4 Rc8 42.b3 Nc6 43.Bxc6 Rxc6
44.Rd8+ Ke7 45.Rg8 c4 46.Rxg7+ Kf8 47.Rf7+ Kg8 48.bxc4 Rxc4 49.Rxf6  1-0

[Event "Polyarniy Krug"]
[Site "Salekhard RUS"]
[Date "2006.12.04"]
[Round "6"]
[White "Obukhov,A"]
[Black "Rozhkov,Ve"]
[Result "1-0"]
[WhiteElo "2488"]
[BlackElo "2287"]

1.c4 e5 2.g3 Nf6 3.Bg2 d5 4.cxd5 Nxd5 5.Nf3 Nc6 6.O-O Be7 7.d4 e4 8.Ne5 f5
9.Nxc6 bxc6 10.Qc2 Qd7 11.Bd2 Bf6 12.e3 Qe6 13.Nc3 Nb6 14.Rfc1 Bd7 15.Bf1 Be7
16.Qb3 Qxb3 17.axb3 O-O 18.b4 Bd6 19.b5 Rfc8 20.bxc6 Bxc6 21.Ba6 Rd8 22.Nb5 Bxb5
23.Bxb5 Nc8 24.Ba5 Rb8 25.Bc4+ Kh8 26.Be6 Rxb2 27.Bxc7 Bxc7 28.Rxc7 Nd6 29.Raxa7 Nb5
30.Rd7 Re8 31.Rab7 Rb1+ 32.Kg2 Nc3 33.Rxb1 Nxb1 34.Bxf5 g6 35.Rb7 Nc3 36.Rc7 Nd5
37.Rc8 Rxc8 38.Bxc8 Kg7 39.Bb7 Nc3 40.g4 g5 41.Kf1  1-0

[Event "ch-ROM"]
[Site "Predeal ROM"]
[Date "2006.12.05"]
[Round "9"]
[White "Grecescu,G"]
[Black "Toma,Al"]
[Result "1/2-1/2"]
[WhiteElo "2405"]
[BlackElo "2256"]

1.c4 e5 2.g3 Nc6 3.Bg2 d6 4.Nc3 Be6 5.d3 Qd7 6.Rb1 g6 7.b4 Bg7 8.b5 Nd8 9.e4 Ne7
10.Nge2 Bh3 11.O-O Bxg2 12.Kxg2 Ne6 13.Be3 O-O 14.Nd5 f5 15.f3 f4 16.Bd2 h5
17.Qc1 Bh6 18.h3 c5 19.bxc6 bxc6 20.Nxe7+ Qxe7 21.g4 hxg4 22.hxg4 Bg5 23.Rh1 Kg7
24.Qa3 Rh8 25.Bb4 c5 26.Bc3 Rxh1 27.Rxh1 Rh8 28.Rxh8 Kxh8 29.Qa6 Bh4 30.Qb5 Bg3
31.Nxg3 fxg3 32.Kxg3 Nd4 33.Ba5 Kh7 34.Qb8 Ne6 35.Bd2 Nd4 36.Bc3 Qf7 37.Bxd4 cxd4
38.Qxd6 Qf4+ 39.Kg2 Qd2+ 40.Kh3 Qh6+ 41.Kg3 Qf4+ 42.Kg2 Qd2+ 43.Kg1 Qe1+
44.Kg2 Qd2+ 45.Kg3 Qf4+  1/2-1/2

[Event "ch-ROM w"]
[Site "Predeal ROM"]
[Date "2006.12.07"]
[Round "11"]
[White "Marin,Ir"]
[Black "Motoc,A"]
[Result "0-1"]
[WhiteElo "2222"]
[BlackElo "2306"]

1.c4 e5 2.g3 Nc6 3.Bg2 g6 4.Nc3 Bg7 5.e4 d6 6.Nge2 h5 7.h4 Nh6 8.d3 O-O 9.O-O Bg4
10.f3 Be6 11.Nd5 f5 12.Bg5 Qd7 13.Qd2 Kh7 14.b4 Rae8 15.Rad1 Nd4 16.Nxd4 exd4
17.Rc1 Nf7 18.Nf6+ Bxf6 19.Bxf6 Ne5 20.Bxe5 dxe5 21.f4 fxe4 22.Bxe4 Bh3 23.Rf3 Qg4
24.Qf2 Rxf4 25.Rxf4 exf4 26.Qxf4 Qxf4 27.gxf4 Bg4 28.Kf2 Rf8 29.Kg3 Re8 30.Kf2 b6
31.c5 b5 32.c6 Re6 33.Rc5 a6 34.Rd5 Rxc6 35.Rxh5+ Bxh5 36.Bxc6 Bg4 37.Bb7 Bf5
38.Bxa6 c6 39.Bb7 Bxd3 40.Bxc6 Kh6 41.a4 bxa4 42.Bxa4 Kh5 43.Kg3 Be4 44.Bd1+ Kh6
45.b5 d3 46.b6 Kg7 47.Kf2 Kf6 48.Ke3 Kf5 49.Bf3  0-1

[Event "FSGM December"]
[Site "Budapest HUN"]
[Date "2006.12.08"]
[Round "7"]
[White "Paschall,W"]
[Black "Rombaldoni,D"]
[Result "1/2-1/2"]
[WhiteElo "2374"]
[BlackElo "2377"]

1.c4 e5 2.g3 Nf6 3.Bg2 d5 4.cxd5 Nxd5 5.Nc3 Nb6 6.Nf3 Nc6 7.O-O Be7 8.d3 O-O
9.Be3 Be6 10.Qc1 Nd5 11.Ne4 Nxe3 12.fxe3 f6 13.Nc5 Bxc5 14.Qxc5 Ne7 15.Rfc1 c6
16.b4 a5 17.Nd2 b6 18.Qc3 axb4 19.Qxb4 c5 20.Qb2 Ra4 21.Nc4 Nd5 22.Qb5 Rxc4
23.Qxc4 Nf4 24.Qc2 Nxg2 25.Kxg2 Qa8+ 26.Kg1 Kh8 27.Rf1 Qc6 28.a4 Ra8 29.Qb2 Bh3
30.Rf2 Rxa4 31.Qxe5 h6 32.Qb8+ Kh7 33.Rc1 Qb5 34.e4 Qb2 35.Qf4 Ra1 36.Rxa1 Qxa1+
37.Rf1 Bxf1 38.Qxf1 Qxf1+ 39.Kxf1 Kg6 40.e3 f5 41.exf5+ Kxf5 42.Ke2 b5 43.Kd2 c4
44.d4 b4 45.d5 Ke5 46.e4 Kd6 47.g4 b3 48.Kc3 Kc5 49.h4 g6 50.g5 h5 51.Kb2 Kd6  1/2-1/2

[Event "Open"]
[Site "Granada ESP"]
[Date "2006.12.09"]
[Round "8"]
[White "Matamoros Franco,C"]
[Black "Mogranzini,R"]
[Result "1/2-1/2"]
[WhiteElo "2534"]
[BlackElo "2401"]

1.c4 e5 2.g3 Nc6 3.Bg2 g6 4.Nc3 Bg7 5.e4 d6 6.Nge2 h5 7.h4 Nd4 8.Nxd4 exd4
9.Ne2 c6 10.d3 Ne7 11.Bg5 Bg4 12.Qd2 Qd7 13.f3 Be6 14.Nf4 a5 15.O-O-O b5
16.Nxe6 Qxe6 17.Bh3 Qe5 18.cxb5 Qxb5 19.Kb1 c5 20.g4 hxg4 21.Bxg4 Nc6 22.h5 Ne5
23.h6 Bf8 24.Bf6 Rh7 25.Bxe5 dxe5 26.Qg5 Qb8 27.Qf6 Qd6 28.Qg5 Be7 29.Qc1 Rb8
30.Rh2  1/2-1/2

[Event "90th ch-Marshall CC"]
[Site "New York USA"]
[Date "2006.12.09"]
[Round "6"]
[White "Gaillard,E"]
[Black "Chernin,O"]
[Result "0-1"]
[WhiteElo "2155"]
[BlackElo "2162"]

1.c4 e5 2.g3 c6 3.d4 Bb4+ 4.Bd2 Bxd2+ 5.Qxd2 d6 6.Nc3 Nf6 7.Bg2 O-O 8.e3 Be6
9.Rd1 Qb6 10.c5 dxc5 11.dxe5 Ng4 12.f4 c4 13.Ke2 Na6 14.Na4 Qb5 15.Nc3 Qa5
16.h3 Rad8 17.Qc1 Nh6 18.Nf3 Nf5 19.Kf2 Nc5 20.g4 Ne7 21.Ne1 Rxd1 22.Qxd1 Rd8
23.Qc1 Nd5 24.f5 Nb4 25.Bf1 Bd5 26.Nxd5 cxd5 27.a3 Nc6 28.Nf3 Qc7 29.e6 Ne4+
30.Kg1 fxe6 31.Qe1 exf5 32.Rh2 fxg4 33.hxg4 Qg3+ 34.Qxg3 Nxg3 35.Ng5 h6 36.Ne6 Nxf1
37.Kxf1 Re8 38.Nc7 Rxe3 39.g5 d4 40.gxh6 gxh6 41.Rxh6 Rb3 42.Rh2 c3 43.bxc3 Rb1+  0-1